[Event "Dulles Skyline op-A"]
[Site "Dulles"]
[Date "2022.10.09"]
[Round "3"]
[White "Xiong, Lang Leo"]
[Black "Luo, Neil"]
[Result "1/2-1/2"]
[WhiteElo "1773"]
[BlackElo "1590"]
[PlyCount "114"]
[EventDate "2022.10.08"]
[EventType "swiss"]
[EventRounds "6"]
[EventCountry "USA"]
[SourceTitle "CBM 210 Extra"]
[Source "ChessBase"]
[SourceDate "2022.11.30"]
[SourceVersion "1"]
[SourceVersionDate "2022.11.30"]
[SourceQuality "1"]

1. e4 e5 2. Nf3 Nc6 3. Bc4 Nf6 4. d3 d5 5. exd5 Nxd5 6. h3 Bf5 7. Qe2 f6 8. Bd2 Qd7 9. a3 0-0-0 10. Nc3 Nb6 11. Ba2 Be7 12. 0-0-0 Kb8 13. Be3 Be6 14. Bxe6 Qxe6 15. Bxb6 cxb6 16. d4 Qf5 17. d5 Qf4+ 18. Kb1 Nd4 19. Nxd4 exd4 20. Qxe7 dxc3 21. Qe3 Qxe3 22. fxe3 Rhe8 23. Rhe1 Re5 24. e4 cxb2 25. Kxb2 Kc7 26. c4 Kd6 27. Kc3 Kc5 28. Kd3 Rd7 29. Rb1 Kd6 30. Kd4 Rde7 31. Rb2 Rc7 32. Rf2 Rce7 33. Re3 Re8 34. a4 R8e7 35. Rb2 Rc7 36. Rbe2 Ree7 37. g4 Re5 38. h4 h6 39. Rf3 Ke7 40. Rf5 Kd6 41. g5 hxg5 42. hxg5 Rxf5 43. exf5 Rf7 44. Re6+ Kd7 45. g6 Re7 46. c5 bxc5+ 47. Kxc5 Rxe6 48. dxe6+ Kc7 49. a5 b6+ 50. axb6+ axb6+ 51. Kb5 Kd6 52. Kxb6 Ke7 53. Kc6 Ke8 54. Kd6 Kd8 55. Kc6 Ke8 56. Kc7 Ke7 57. Kc8 Ke8 1/2-1/2

[Event "World op 50th"]
[Site "Philadelphia"]
[Date "2022.06.30"]
[Round "1"]
[White "Luo, Neil"]
[Black "Rogers, Norman"]
[Result "0-1"]
[WhiteElo "1594"]
[BlackElo "2148"]
[PlyCount "70"]
[EventDate "2022.06.30"]
[EventType "swiss"]
[EventRounds "9"]
[EventCountry "USA"]
[SourceTitle "CBM 209 Extra"]
[Source "ChessBase"]
[SourceDate "2022.09.30"]
[SourceVersion "1"]
[SourceVersionDate "2022.09.30"]
[SourceQuality "1"]

1. e4 c6 2. Nf3 g6 3. d4 d5 4. e5 h5 5. Bd3 Bg4 6. h3 Bxf3 7. Qxf3 e6 8. Be3 c5 9. Bb5+ Nc6 10. dxc5 Nh6 11. c3 Nf5 12. 0-0 Bg7 13. Bd4 Qh4 14. Nd2 Nfxd4 15. cxd4 Qxd4 16. Nc4 0-0 17. Rad1 Qxc5 18. Na3 Nxe5 19. Qe2 Rac8 20. Bd3 Qb4 21. Nc2 Qxb2 22. Rb1 Qc3 23. Rb3 Qc7 24. Nd4 Nxd3 25. Qxd3 a6 26. Ne2 Qc2 27. Qf3 b5 28. Rc1 Qe4 29. Rxc8 Rxc8 30. Qxe4 dxe4 31. Re3 f5 32. f3 Rc2 33. fxe4 f4 34. Ra3 Rxe2 35. Rxa6 Rxe4 0-1